000 00260nam a2200097Ia 4500
001 1253032
005 20251031150946.0
008 251031s9999 xx 000 0 und d
245 0 _cMUSTAFA ORAKÇI
_aV-12 LEVENT SÜPER GİZLİ AJAN
260 _bTİMAŞ YAYINLARI
999 _c1253032
_d1253032